[Event "Belgrade"]
[Site "Belgrade"]
[Date "1993.??.??"]
[Round "2"]
[White "Beliavsky, Alexander G"]
[Black "Hodgson, Julian M"]
[Result "1/2-1/2"]
[WhiteElo "2635"]
[BlackElo "2625"]

1.e4 d6 2.d4 Nf6 3.Nc3 g6 4.f4 Bg7 5.Nf3 c5 6.Bb5+ Bd7 7.e5 Ng4 8.e6 fxe6
9.Ng5 Bxb5 10.Nxb5 Qa5+ 11.c3 Qxb5 12.Nxe6 Qc4 13.Qxg4 cxd4 14.Nxg7+ Kf7
15.f5 Kxg7 16.Qh4 Nc6 17.Rf1 Rhf8 18.Bh6+ Kh8 19.Bxf8 Rxf8 20.O-O-O gxf5
21.Kb1 b5 22.Qh3 dxc3 23.Qxc3+ Qxc3 24.bxc3 Ne5 25.Rd4 Nc4 26.Rf2 e5 27.Rh4 f4
28.Kc2 Ne3+ 29.Kd3 Kg7 30.g3 Nd5 31.Rg4+ Kf6 32.gxf4 Nxf4+ 33.Rgxf4+ exf4
34.Rxf4+ Ke7 35.Rh4 Rf7 36.a4 bxa4 37.Rxa4 Ke6 38.Re4+ Kf5 39.Rd4 Ke6 40.Re4+ Kd7
41.Ra4 Rf3+ 42.Kd2 Rf2+ 43.Kd3 Rxh2 44.Rxa7+ Ke6 45.c4 Rh1 46.Ra5 h5 47.Ke2 h4
48.Rh5 h3 49.Kf2 h2 50.Kg3 Rg1+ 51.Kxh2 Rg4  1/2-1/2

[Event "Belgrade"]
[Site "Belgrade"]
[Date "1993.??.??"]
[Round "2"]
[White "Kotronias, Vasilios"]
[Black "Damljanovic, Branko"]
[Result "1-0"]
[WhiteElo "2590"]
[BlackElo "2570"]

1.e4 c5 2.Nf3 Nc6 3.d4 cxd4 4.Nxd4 Qc7 5.Nc3 e6 6.g3 a6 7.Bg2 Nf6 8.O-O Nxd4
9.Qxd4 Bc5 10.Bf4 d6 11.Qd2 h6 12.Rad1 e5 13.Be3 Ke7 14.Bxc5 Qxc5 15.Na4 Qc6
16.f4 a5 17.Qd3 b5 18.Nc3 Be6 19.Qxb5 Qxb5 20.Nxb5 Bc4 21.Nxd6 Bxf1 22.Nf5+ Kf8
23.Rxf1 Nd7 24.Rd1 Ra7 25.Bh3 g6 26.Nd6 Nc5 27.Rd5 Na4 28.Nb5 Re7 29.b3 Nb6
30.Rd6 Na8 31.f5 Rb7 32.f6 Kg8 33.c4 Kh7 34.a4 Rb6 35.Rxb6 Nxb6 36.c5 Nc8
37.Kf2 h5 38.Na3 Kh6 39.Nc4 Kg5 40.Nxe5 Kxf6 41.Nc6  1-0

[Event "Belgrade"]
[Site "Belgrade"]
[Date "1993.??.??"]
[Round "3"]
[White "Mozetic, Dejan"]
[Black "Beliavsky, Alexander G"]
[Result "0-1"]
[WhiteElo "2580"]
[BlackElo "2635"]

1.d4 Nf6 2.c4 e6 3.Nc3 Bb4 4.Qc2 O-O 5.a3 Bxc3+ 6.Qxc3 b6 7.Bg5 Bb7 8.Nh3 d6
9.f3 h6 10.Bh4 Nbd7 11.Nf2 Rc8 12.e4 e5 13.Bd3 Ba6 14.O-O Nxe4 15.Bxd8 Nxc3
16.Be7 Rfe8 17.Bh4 g5 18.Bg3 Na4 19.Bf5 Rcd8 20.Ne4 Kg7 21.b3 Nb2 22.Nd2 b5
23.Rfc1 bxc4 24.bxc4 exd4  0-1

[Event "Belgrade"]
[Site "Belgrade"]
[Date "1993.??.??"]
[Round "4"]
[White "Bareev, Evgeny"]
[Black "Romanishin, Oleg M"]
[Result "1-0"]
[WhiteElo "2660"]
[BlackElo "2615"]

1.d4 Nf6 2.c4 e6 3.Nc3 Bb4 4.Qc2 O-O 5.a3 Bxc3+ 6.Qxc3 Ne4 7.Qc2 f5 8.g3 b6
9.Bg2 Bb7 10.Nf3 Qe7 11.O-O c5 12.dxc5 bxc5 13.b4 d6 14.Ng5 cxb4 15.axb4 d5
16.Nxe4 dxe4 17.Ba3 Rc8 18.b5 Qe8 19.Rab1 a6 20.b6 Nd7 21.Qc3 Rc6 22.Qd4 e5
23.Qd2 Rxc4 24.Rfd1 Nf6 25.Qa2 Qf7 26.e3 Rc6 27.Qxf7+ Kxf7 28.g4 Rc3 29.Bb4 Rc4
30.Bf1 Rc2 31.gxf5 Rg8 32.Rbc1 Rgc8 33.Rxc2 Rxc2 34.Rd8 g6 35.Rb8 Bd5 36.b7  1-0

[Event "Belgrade"]
[Site "Belgrade"]
[Date "1993.??.??"]
[Round "5"]
[White "Romanishin, Oleg M"]
[Black "Beliavsky, Alexander G"]
[Result "0-1"]
[WhiteElo "2615"]
[BlackElo "2635"]

1.e4 e6 2.d4 d5 3.Nc3 Bb4 4.Bd3 dxe4 5.Bxe4 Nf6 6.Bg5 Nbd7 7.Ne2 h6 8.Bxf6 Nxf6
9.Bf3 O-O 10.O-O c6 11.Ne4 Nxe4 12.Bxe4 Bd6 13.Qd3 f5 14.Bf3 e5 15.dxe5 Bxe5
16.Qc4+ Kh7 17.Rad1 Qf6 18.Nd4 Bd7 19.c3 Rae8 20.Qa4 a6 21.Nb3 Bc8 22.Qb4 Re7
23.Na5 g5 24.g3 g4 25.Bg2 f4 26.Rfe1 c5 27.Qc4 Kg7 28.Nb3 b6 29.Kh1 h5 30.Nd2 f3
31.Bf1 h4 32.Re4 hxg3 33.fxg3 Kh8 34.Bd3 f2 35.Rxg4 Bxg4 36.Qxg4 Qh6 37.Nf1 Rg7
38.Qe4 Bxg3 39.Nxg3 Rxg3 40.Qe5+ Rg7 41.Rf1 Qh4 42.Be2 Qh3  0-1

[Event "Belgrade"]
[Site "Belgrade"]
[Date "1993.??.??"]
[Round "6"]
[White "Kotronias, Vasilios"]
[Black "Romanishin, Oleg M"]
[Result "0-1"]
[WhiteElo "2590"]
[BlackElo "2615"]

1.e4 e5 2.Nf3 Nc6 3.Bb5 a6 4.Ba4 Nf6 5.O-O Be7 6.Re1 b5 7.Bb3 d6 8.c3 O-O
9.h3 Na5 10.Bc2 c5 11.d4 Bb7 12.Nbd2 cxd4 13.cxd4 exd4 14.Nxd4 Re8 15.Nf1 Bf8
16.Ng3 g6 17.b3 Rc8 18.Bb2 Nd7 19.Qd2 Ne5 20.Rad1 Nac6 21.Nde2 Qh4 22.f4 Nd7
23.e5 d5 24.Kh2 Nc5 25.Qe3 Ne6 26.f5 Bc5 27.Qf3 Ng5 28.Qf4 Qxf4 29.Nxf4 Ne7
30.Re2 Be3 31.Rf1 d4 32.f6 Nd5 33.Nxd5 Bxd5 34.h4 Ne6 35.Be4 Bxe4 36.Nxe4 Bf4+
37.g3 Bxe5 38.Rf3 Rcd8 39.Nf2 Nc5 40.Kg2 h5 41.Ba3 Bd6 42.Rd2 Ne6 43.Bxd6 Rxd6
44.Ne4 Rd5 45.Rfd3 Rc8 46.Kf2 Rc6 47.a3 Rf5+ 48.Rf3 Re5 49.Re2 Rc8 50.a4 bxa4
51.bxa4 Rc4 52.Nd6 Rxe2+ 53.Kxe2 Rc2+ 54.Kd1 Rc6 55.Ne4 Nc5 56.Nxc5 Rxc5
57.Rf4 Rc4 58.a5 Kh7 59.Kd2 Kh6 60.Re4 Rc6 61.Rf4 Re6 62.Kd1 Rd6 63.Kd2 Rd5
64.Kd3 g5 65.Rxd4 Rxa5 66.hxg5+ Rxg5 67.Rd8 Kg6 68.Ke4 a5 69.Ra8 Kxf6 70.Ra6+ Kg7
71.Kf3 f6 72.Ra8 Kf7 73.Ra7+ Kg6 74.Ra8 Rb5 75.Kg2 Kf5 76.Ra6 Rb2+ 77.Kf3 Rb3+
78.Ke2 Ra3 79.Kf2 Ra2+ 80.Kf3 Ra3+ 81.Kf2 a4 82.Ra8 Ra1 83.Kg2 a3 84.Ra4 a2
85.Ra5+ Kg6 86.Kh2 f5 87.Ra8 h4 88.gxh4 f4 89.Rg8+ Kh7  0-1

[Event "Belgrade"]
[Site "Belgrade"]
[Date "1993.??.??"]
[Round "7"]
[White "Romanishin, Oleg M"]
[Black "Damljanovic, Branko"]
[Result "1/2-1/2"]
[WhiteElo "2615"]
[BlackElo "2570"]

1.e4 c5 2.Nc3 Nc6 3.g3 g6 4.Bg2 Bg7 5.d3 d6 6.Be3 e5 7.Qd2 Nge7 8.f4 Nd4
9.Nf3 O-O 10.O-O-O exf4 11.Bxf4 Bg4 12.Nxd4 cxd4 13.Nb5 Qd7 14.a4 a6 15.Na3 d5
16.Rde1 Rae8 17.exd5 Nxd5 18.Nc4 Nxf4 19.Qxf4 Rxe1+ 20.Rxe1 Be6 21.b3 b5
22.axb5  1/2-1/2

[Event "Belgrade"]
[Site "Belgrade"]
[Date "1993.??.??"]
[Round "8"]
[White "Hodgson, Julian M"]
[Black "Romanishin, Oleg M"]
[Result "1/2-1/2"]
[WhiteElo "2625"]
[BlackElo "2615"]

1.c4 e5 2.Nc3 Nf6 3.Nf3 Nc6 4.g3 d5 5.cxd5 Nxd5 6.Bg2 Nb6 7.O-O Be7 8.Rb1 Be6
9.b4 e4 10.Nxe4 Bxa2 11.Bb2 O-O 12.b5 Bxb1 13.Qxb1 Nb4 14.h4 h6 15.Rc1 N4d5
16.Nd4 Qd7 17.Nc5 Bxc5 18.Rxc5 Ne7 19.Qc2 Qd6 20.Nf5 Nxf5 21.Rxf5 c6 22.bxc6 bxc6
23.Rf4 Nd5 24.Rg4 Nf6 25.Qc3 Kh8 26.Rc4 Rab8 27.Bf3 c5 28.Ba3 Rfd8 29.Bxc5 Qxd2
30.Qxd2 Rxd2  1/2-1/2